PRINCIPLES OF MACROECONOMICS : (Registro nro. 49433)
[ vista simple ]
| 000 -LEADER | |
|---|---|
| fixed length control field | 00932nam a2200181 a 4500 |
| 001 - CONTROL NUMBER | |
| control field | 49433 |
| 005 - DATE AND TIME OF LATEST TRANSACTION | |
| control field | 20180714034130.0 |
| 008 - FIXED-LENGTH DATA ELEMENTS--GENERAL INFORMATION | |
| fixed length control field | 140415d 000 0 eng d |
| 020 ## - INTERNATIONAL STANDARD BOOK NUMBER | |
| International Standard Book Number | 0134587049 |
| 041 ## - LANGUAGE CODE | |
| Language code of text/sound track or separate title | eng |
| 082 ## - DEWEY DECIMAL CLASSIFICATION NUMBER | |
| Classification number | 339 |
| Item number | PRI |
| 245 00 - TITLE STATEMENT | |
| Title | PRINCIPLES OF MACROECONOMICS : |
| Remainder of title | TEST ITEM FILE #2 REAL WORLD PROBLEM SETS |
| 250 ## - EDITION STATEMENT | |
| Edition statement | 4ed. |
| 260 ## - PUBLICATION, DISTRIBUTION, ETC. | |
| Place of publication, distribution, etc. | [s.l.] : |
| Name of publisher, distributor, etc. | PRENTICE-HALL, INC., |
| Date of publication, distribution, etc. | [s.f.] |
| 300 ## - PHYSICAL DESCRIPTION | |
| Extent | 257 |
| Dimensions | 21.5 x 1.9 x 28 |
| 520 ## - SUMMARY, ETC. | |
| Summary, etc. | THE REAL WORLD PROBLEM SETS IN A NEW AND INNOVATIVE ANCILLARY DEVELOPED FOT THE FOURTH EDITION OF PRINCIPLES OF MACROECONOMICS BY KARL CASE AND RAY FAIR. THE QUESTIONS AND PROBLEMS WERE WRITTEN BY A TEAM OF AUTHORS TO CLOSELY MATCH THE MATERIAL PRESENTED IN THE TEXTBOOK. THE SAME TERMINOLOGY, NOTATION, DEFINITIONS, AND GRAPHS THAT ARE USED IN THE TEXTBOOK ARE USED HERE. COMPLETE SOLUTIONS FOLLOW THE PROBLEMS SETS FOR EACH CHAPTER. |
| 650 14 - SUBJECT ADDED ENTRY--TOPICAL TERM | |
| Topical term or geographic name entry element | MACROECONOMIA |
| Withdrawn status | Lost status | Source of classification or shelving scheme | Damaged status | Not for loan | Collection code | Home library | Current library | Shelving location | Date acquired | Source of acquisition | Inventory number | Total Checkouts | Full call number | Barcode | Date last seen | Price effective from | Koha item type |
|---|---|---|---|---|---|---|---|---|---|---|---|---|---|---|---|---|---|
| Dewey Decimal Classification | General | Biblioteca Karol Wojtyla | Biblioteca Karol Wojtyla | Sala general | 03/12/2013 | Compra | 151000000000000000051100 | 339 PRI | 73896 | 05/01/2026 | 03/12/2013 | Libro |